| 000 | 00875nam a22002417a 4500 | ||
|---|---|---|---|
| 005 | 20170123164203.0 | ||
| 010 | _aA-415563 | ||
| 020 | _c30.00 | ||
| 035 | _aA-415563 | ||
| 037 | _aCen Lib/Ret | ||
| 040 |
_aDPL _bPN |
||
| 082 |
_aਉ _2ਓਮਪ੍ਰ |
||
| 100 |
_aਓਮ ਪ੍ਰਕਾਸ਼ ਗਾਸ਼ੇਂ _9138756 |
||
| 245 |
_aਕੱਪੜਵਾਸ / _cਓਮ ਪ੍ਰਕਾਸ਼ ਗਾਸ਼ੇਂ |
||
| 246 |
_aKaparwas _bby Om Parkash Gasso |
||
| 260 |
_aਜਲੰਧਰ _bਦੀਪਕ ਪਬਲਿਸ਼ਰਜ਼ _c1993 |
||
| 270 |
_aਮਾਈ ਹੀਰਾਂ ਗੇਟ _bਜਲੰਧਰ _e144008 |
||
| 300 |
_a176p. _c22cm |
||
| 650 |
_aਪੰਜਾਬੀ ਸਾਹਿਤ _vਪੰਜਾਬੀ ਸਾਹਿਤ-ਨਾਵਲ _93201 |
||
| 650 |
_aPunjabi Literature _9138757 |
||
| 650 |
_aPunjabi Novel _96285 |
||
| 942 |
_2ddc _cPN _hਉ _mਓਮਪ੍ਰ |
||
| 999 |
_c111201 _d111201 |
||